000 00705nam a22002417a 4500
003 OSt
005 20220107122718.0
008 130730b xxu||||| |||| 00| 0 eng d
020 _a9780123859549
040 _cIIITM-K
082 _a621.3678 LIA/A
100 _aLiang, Shunlin
_91262
245 _aAdvanced remote sensing:
_bTerrestrial information abstraction and applications
_cby Shulin Liang, Xiaowen Li, Jindi Wang
260 _aU.S.A,
_bElsevier,
_c2012.
300 _axx, 799p.
650 _aEARTH SCIENCE
_91263
650 _aGEOLOGY
_91264
650 _aGEOSCIENCE
_91265
650 _aREMOTE SENSING
_91266
700 _aLi, Xiaowen
_91267
700 _aWang, Jindi
_91268
942 _2ddc
_cBK
999 _c3126
_d3126